000 00411nam a2200133Ia 4500
008 240719s9999 xx 000 0 und d
041 _aeng
082 _a658.15 DAM
100 _aDamodaran, Aswath
245 _aDamodaran On Valuation Security Analysis For Investment D Corporate Finance
260 _aNew Delhi
_bWiley India
_c2009
300 _a685;. P. 24 Cm
520 _aGifted By : IMT Faculty Dr.Pawan sir
999 _c41315
_d41315